Horse Breeds - Statistics

General Stats
  • This quiz has been taken 285 times
  • The average score is 29 of 157
Answer Stats
Answer % Correct
Arabian
90%
American Shetland Pony
81%
English Shetland Pony
81%
Quarter Horse
79%
Shire
76%
Appaloosa
75%
Thoroughbred
75%
Clydesdale
72%
Mustang
70%
American Paint Horse
69%
Welsh Cob/Pony
64%
Friesian
61%
Morgan
59%
Norwegian Fjord
54%
Andalusian
53%
Tennessee Walking Horse
53%
Akhal Teke
51%
Percheron
51%
American Saddlebred
47%
Lipizzan
47%
Belgian Draft Horse
46%
Connemara
46%
Gypsy Vanner
46%
Icelandic
46%
Haflinger
45%
Dutch Warmblood
43%
Falabella
43%
Paso Fino
42%
Hanoverian
41%
Standardbred
39%
Dartmoor
38%
Brumby
37%
Lusitano
36%
Miniature
36%
Exmoor
35%
Missouri Fox Trotter
35%
Knabstrupper
33%
Marwari
32%
Hackney
31%
Oldenburg
27%
Trakehner
27%
Cleveland Bay
26%
Fell Pony
26%
Peruvian Paso
25%
Criollo
23%
New Forest Pony
22%
Curly Horse
21%
Highland Pony
21%
Irish Sport Horse
21%
Konik
20%
Selle Francais
20%
Breton
19%
Kentucky Mountain Horse
19%
Pony of the Americas
19%
Suffolk Punch
19%
Black Forest Horse
18%
Camargue
18%
Chincoteague
18%
Orlov Trotter
17%
Przewalski's Horse
17%
Ardennes
15%
Australian Stock Horse
14%
Dales Pony
14%
Mongolian Horse
14%
Noriker
14%
Belgian Warmblood
13%
Caspian
13%
Dutch Draft
13%
American Cream Draft
12%
Danish Warmblood
12%
French Trotter
11%
American Warmblood
10%
Newfoundland Pony
9%
Jutland
8%
Mangalarga Marchador
8%
North Swedish Horse
8%
Racking Horse
8%
Russian Don
8%
Sorraia
8%
Canadian Horse
7%
Florida Cracker Horse
7%
Gelderland
7%
Nokota
7%
Russian Trotter
7%
Westphalian
7%
Czech Warmblood
6%
French Saddle Pony
6%
Gotland Pony
6%
Kathiawari
6%
Russian Heavy Draft
6%
Dutch Harness Horse
5%
Eriskay Pony
5%
Hucul Pony
5%
Italian Heavy Draft
5%
Abaco Barb
4%
Azteca
4%
Campolina
4%
Carolina Marsh Tacky
4%
Finn Horse
4%
German Riding Pony
4%
Norman Cob
4%
Pottok
4%
Australian Pony
3%
Austrian Warmblood
3%
Bashkir Horse
3%
Blazer Horse
3%
Boulonnais
3%
British Spotted Pony
3%
Budyonny
3%
Colorado Ranger
3%
Kaimanawa
3%
Kladruber
3%
Murgese
3%
National Show Horse
3%
Tersk Horse
3%
Tiger Horse
3%
Vladimir Heavy Draft
3%
Waler
3%
American Indian Horse
2%
Banker
2%
Bosnian Mountain Horse
2%
Comtois
2%
Heck Horse
2%
Kerry Bog Pony
2%
Lithuanian Heavy Draft
2%
Silesian Horse
2%
Spotted Saddle Horse
2%
Vyatka
2%
Warlander
2%
Auxois
1%
Camarillo White Horse
1%
Coldblood Trotter
1%
Costa Rican Saddle Horse
1%
Cumberland Island Horse
1%
Danish Sport Pony
1%
Freiberger
1%
Kabardian
1%
Latvian Horse
1%
Merens
1%
Mountain Pleasure Horse
1%
Namib Desert Horse
1%
Nonius Horse
1%
Poitevin
1%
Soviet Heavy Draft
1%
Yakutian Horse
1%
Asturcon
0%
Bardigiano
0%
Basuto Pony
0%
Choctaw Horse
0%
Dulmen Pony
0%
Frederiksborg
0%
Garrano
0%
German Classic Pony
0%
Pampa Horse
0%
Spanish Jennet
0%
Virginia Highlander
0%
Zaniskari
0%
No matching quizzes found
Score Distribution
Percent of People with Each Score
Percentile by Number Answered
Your Score History
You have not taken this quiz